Environmental management : reading and cases.
שמור ב:
| פורמט: | ספר |
|---|---|
| שפה: | English |
| יצא לאור: |
Boston :
Houghton Mifflin,
1999.
|
| נושאים: | |
| תגים: |
הוספת תג
אין תגיות, היה/י הראשונ/ה לתייג את הרשומה!
|
| Thư viện lưu trữ: | Mạng thư viện Đại học Đà Nẵng |
|---|
| LEADER | 00813cam a2200313 i 4500 | ||
|---|---|---|---|
| 001 | 000046332 | ||
| 003 | 5794 | ||
| 005 | 20030217142856.0 | ||
| 008 | 010220|1999 vm 000 eng | ||
| 020 | |a 0395878179 | ||
| 040 | |a IRC |c IRC |d IRC | ||
| 041 | 0 | |a eng | |
| 082 | 1 | 4 | |a 658.408 |b En-M |
| 245 | 0 | 0 | |a Environmental management : |b reading and cases. |
| 260 | |a Boston : |b Houghton Mifflin, |c 1999. | ||
| 300 | |a xii, 431p. : |b ill. | ||
| 630 | 0 | 4 | |a Environmental management. |
| 650 | 0 | 4 | |a Environmental management. |
| 650 | 0 | 4 | |a Environmental management |x Case studies. |
| OWN | |a DUT | ||
| 999 | |a From the UDN01 | ||
| TYP | |a Monograph | ||
| TYP | |a Printed language | ||
| 980 | |a Mạng thư viện Đại học Đà Nẵng | ||


